000 00493 a2200181 4500
003 sjds
005 20240229150014.0
008 240229b |||||||| |||| 00| 0 spa d
020 _a9781782857761
040 _csjds
041 _aspa
100 _aTeckentrup, Britta
245 _aGrande y pequeno =
_bBig and Small /
_cBritta Teckentrup
260 _a[unknown publisher and date]
300 _a16 board pages
500 _aBilingual. Cataloging from distributor website
942 _cBK
999 _c24737
_d24737